000 00574nam a2200181 i 4500
001 140760
003 ES-MaACL
005 20240516063048.0
007 t|
008 070917s1934 xxk ||||1| eng d
080 _a821.111-94"19"
100 0 _aWells, H. G.,
_d1866-1946
_9116458
245 1 0 _aExperiment in autobiography
_b: discoveries and conclusions of a very ordinary brain (since 1866) /
_cby H. G. Wells.
260 _aLondon :
_bVictor Gollancz,
_c1934.
300 _a2 v. ;
_c20 cm.
852 _aES-MaACL
_jA-2875-76
999 _c140760
_d140760